MARC

LEADER 00000nam0a2200000 4500
001 361692
005 20231102011420.0
035 |a (RuTPU)RU\TPU\retro\19038 
090 |a 361692 
100 |a 20210629d1981 k y0rusy50 ca 
101 0 |a rus 
102 |a RU 
105 |a a z 000zy 
200 1 |a Математическая теория процессов управления  |f А. М. Летов  |g Академия наук СССР, Институт проблем управления им. В. А. Трапезникова 
210 |a Москва  |c Наука  |d 1981 
215 |a 256 с.  |c ил. 
606 1 |a Автоматическое управление  |x Математические исследования  |2 stltpush  |3 (RuTPU)RU\TPU\subj\946  |9 29751 
606 1 |a Водные ресурсы  |2 stltpush  |3 (RuTPU)RU\TPU\subj\72450  |9 85961 
610 1 |a математическая теория 
610 1 |a автоматическое регулирование 
610 1 |a устойчивость 
610 1 |a оптимальное управление 
610 1 |a регуляторы 
610 1 |a автоматическое конструирование 
610 1 |a оптимальная стабилизация 
610 1 |a рациональное использование 
610 1 |a системный анализ 
610 1 |a экономика 
610 1 |a экология 
610 1 |a итерация 
610 1 |a управление 
675 |a 681.51.01:51  |v 4 
675 |a 556.18  |v 4 
700 1 |a Летов  |b А. М.  |g Александр Михайлович 
712 0 2 |a Академия наук СССР  |b Институт проблем управления им. В. А. Трапезникова  |c (Москва)  |2 stltpush  |3 (RuTPU)RU\TPU\col\6782  |9 24269 
801 1 |a RU  |b 63413507  |c 20210629 
942 |c BK